Power and society (Record no. 2573)

000 -LEADER
fixed length control field 00549nam a22002057a 4500
003 - CONTROL NUMBER IDENTIFIER
control field OSt
005 - DATE AND TIME OF LATEST TRANSACTION
control field 20210714091217.0
008 - FIXED-LENGTH DATA ELEMENTS--GENERAL INFORMATION
fixed length control field 210714b ||||| |||| 00| 0 eng d
020 ## - INTERNATIONAL STANDARD BOOK NUMBER
International Standard Book Number 9781439085257
040 ## - CATALOGING SOURCE
Transcribing agency ALUPE UNIVERSITY
050 ## - LIBRARY OF CONGRESS CALL NUMBER
Classification number H61
Item number .H37 2011
100 ## - MAIN ENTRY--PERSONAL NAME
Personal name Brigid Callahan Harrison
245 ## - TITLE STATEMENT
Title Power and society
250 ## - EDITION STATEMENT
Edition statement 12th ed.
260 ## - PUBLICATION, DISTRIBUTION, ETC.
Place of publication, distribution, etc. Boston : 2011.
Name of publisher, distributor, etc. Wadsworth Cengage Learnig, cop.
Date of publication, distribution, etc. c2011.
300 ## - PHYSICAL DESCRIPTION
Extent 434p
650 ## - SUBJECT ADDED ENTRY--TOPICAL TERM
Source of heading or term Władza (nauki społeczne).
700 ## - ADDED ENTRY--PERSONAL NAME
Personal name Cengage Learning.
942 ## - ADDED ENTRY ELEMENTS (KOHA)
Source of classification or shelving scheme
Koha item type Book
Suppress in OPAC DO
Holdings
Withdrawn status Lost status Source of classification or shelving scheme Damaged status Not for loan Permanent Location Current Location Shelving location Date acquired Total Checkouts Full call number Barcode Date last seen Price effective from Koha item type Public note
          AU LIBRARY AU LIBRARY Open Shelf 14.07.2021   H61 .H37 2011 28000102 14.07.2021 14.07.2021 Book DO

Powered by Koha